Badak dan kuda belang

Bibliographic Details
Format: Book
Published: Kuala Lumpur : Penerbitan Hasratpelajar , 1994
Series:Buku awal binatang saya
Subjects:

MARC

LEADER 00000cam a2200000 7i4500
001 0000053529
005 20220105104159.0
008 151022
020 |a 9679749851 
090 0 0 |a ANM   |b MAL 
245 0 0 |a Badak dan kuda belang 
260 |a Kuala Lumpur :   |b Penerbitan Hasratpelajar ,   |c 1994 
490 1 |a Buku awal binatang saya 
500 |a Children age 4-6 years old (yellow) 
650 0 |a Animals 
650 0 |a Children's stories, Malay 
999 |a 0000422350   |b Book   |c Children Collection   |e Cawangan Pontian 
999 |a 0000573044   |b Book   |c Children Collection   |e Cawangan Pontian 
999 |a 0000777250   |b Book   |c Children Collection   |e Cawangan Pontian 
999 |a 0000777251   |b Book   |c Children Collection   |e Cawangan Pontian 
999 |a 0000777252   |b Book   |c Children Collection   |e Cawangan Pontian 
999 |a 0000777253   |b Book   |c Children Collection   |e Cawangan Pontian 
999 |a 0000777254   |b Book   |c Children Collection   |e Cawangan Pontian 
999 |a 0000791796   |b Book   |c Children Collection   |e Cawangan Segamat 
999 |a 0000791797   |b Book   |c Children Collection   |e Cawangan Segamat 
999 |a 0000791798   |b Book   |c Children Collection   |e Cawangan Segamat